Normal view
MARC view
- Sajid Gul Khawaja
Entry Personal Name
001 - CONTROL NUMBER
- control field: 69989
003 - CONTROL NUMBER IDENTIFIER
- control field: NUST
005 - DATE AND TIME OF LATEST TRANSACTION
- control field: 20210628204338.0
008 - FIXED-LENGTH DATA ELEMENTS
- fixed length control field: 210628|| aca||aabn | a|a d
040 ## - CATALOGING SOURCE
- Original cataloging agency: NUST
- Transcribing agency: NUST
100 ## - HEADING--PERSONAL NAME
- Personal name: Sajid Gul Khawaja
670 ## - SOURCE DATA FOUND
- Source citation: Work cat.: (NUST): Sajid Gul Khawaja, TH-SOF-1375-Network-on-Chipbased Application Specific Processors for Frequent Patternalgorithms, 2017
